header

Agricultural trade reform and the Doha development agenda (Record no. 81077)

MARC details
000 -LEADER
fixed length control field 01330nam a22003374a 4500
082 04 - DEWEY DECIMAL CLASSIFICATION NUMBER
Classification number 382/.41
245 00 - TITLE STATEMENT
Title Agricultural trade reform and the Doha development agenda
260 ## - PUBLICATION, DISTRIBUTION, ETC. (IMPRINT)
Place of publication Washington, DC :
Name of publisher Palgrave Macmillan/World Bank,
Year of publication c2006.
300 ## - PHYSICAL DESCRIPTION
Number of Pages xviii, 420 p. :
Other physical details ill.
650 #0 - SUBJECT ADDED ENTRY--TOPICAL TERM
Topical Term Agriculture and state.
Topical Term International trade.
700 1# - ADDED ENTRY--PERSONAL NAME
Personal name Anderson, Kym.
Personal name Martin, Will,
856 40 - ELECTRONIC LOCATION AND ACCESS
Uniform Resource Identifier http://site.ebrary.com/lib/rucke/Doc?id=10126102

No items available.

© 2026 Rongo University
Contact us: librarian | system librarian | Rongo university